Letras hispanoamericanas de nuestro tiempo / (Record no. 112165)

MARC details
000 -LEADER
campo de control de longitud fija 00647nam a2200193 i 4500
001 - NÚMERO DE CONTROL
campo de control 112165
003 - IDENTIFICADOR DE NÚMERO DE CONTROL
campo de control ES-MaACL
005 - FECHA Y HORA DE LA ÚLTIMA TRANSACCIÓN
campo de control 20251122063120.0
007 - CAMPO FIJO DE DESCRIPCIÓN FÍSICA--INFORMACIÓN GENERAL
campo de control de longitud fija t|
008 - DATOS DE LONGITUD FIJA--INFORMACIÓN GENERAL
campo de control de longitud fija 061121s1976 sp r ||||1| spa d
100 1# - ENTRADA PRINCIPAL--NOMBRE DE PERSONA
Nombre de persona Ortega, José,
Fechas asociadas al nombre 1933-
9 (RLIN) 87411
245 10 - MENCIÓN DEL TÍTULO
Título Letras hispanoamericanas de nuestro tiempo /
Mención de responsabilidad, etc. por José Ortega ; prólogo de Antonio Ferres.
260 ## - PUBLICACIÓN, DISTRIBUCIÓN, ETC.
Lugar de publicación, distribución, etc. Madrid :
Nombre del editor, distribuidor, etc. José Porrúa,
Fecha de publicación, distribución, etc. 1976.
300 ## - DESCRIPCIÓN FÍSICA
Extensión V, 164 p. ;
Dimensiones 22 cm.
650 04 - PUNTO DE ACCESO ADICIONAL DE MATERIA--TÉRMINO DE MATERIA
Término de materia o nombre geográfico como elemento de entrada Literatura hispanoamericana-
Subdivisión cronológica S.XX-
Subdivisión general Historia y crítica.
9 (RLIN) 14614
700 1# - ENTRADA AGREGADA--NOMBRE PERSONAL
Nombre de persona Ferres, Antonio,
Fechas asociadas al nombre 1924-
9 (RLIN) 50559
852 ## - LOCALIZACIÓN
Ubicación ES-MaACL
Número de control de estantería A-5944
Sublocalización o colección R.94829
Holdings
Estatus retirado Estado de pérdida Estado de daño No para préstamo Biblioteca de origen Biblioteca actual Ubicación en estantería Fecha de adquisición Fuente de adquisición Total de préstamos Signatura topográfica completa Código de barras Visto por última vez Precio de reemplazo Tipo de ítem Koha
        Biblioteca del Ateneo de Madrid Biblioteca del Ateneo de Madrid Sala Pecera Planta 1 17/01/2008     A-5944 1116999 23/02/2023 23/02/2023 Libro impreso